000 00992nab a22002177a 4500
999 _c6013
_d6013
003 OSt
005 20260116172857.0
008 190605e xxu||||| |||| 00| 0 spa d
040 _cPJ
245 1 0 _aElecciones sindicales en Argentina. La oposición del empleador, en abstracto /
_cMaría Laura Elmelaj.
260 _aCiudad Autónoma de Buenos Aires :
_bThomson Reuters La Ley,
_c2025.
300 _ap. 81-93
500 _aCita Online: Cita: TR LALEY AR/DOC/857/2025.
505 _aSumario: I. Introducción.— II. La impugnación, en términos generales.— III. Conclusiones.— IV. Bibliografía.
505 _t¿Te interesa el texto completo? Solicitalo al correo: koha@justierradelfuego.gov.ar
650 0 _91316
_aDERECHO LABORAL
650 0 _91367
_aASOCIACIONES SINDICALES
650 0 _aTUTELA SINDICAL
_95902
773 0 _02711
_93168
_dCiudad Autónoma de Buenos Aires : Thomson Reuters La Ley, 1999-2002.
_tRevista de derecho del trabajo. Nº 3 - Mayo 2025
942 _2udc
_cANA